LEADER 01066nam a2200277 i 4500 001 000000236220 003 CaOOAMICUS 005 20141126000000.0 008 141126s2000 it u000 u ita u 013 $a215124 020 $a88-8227-077-7 040 $aSeMil$bita 100 1 $aChialą, Sabino,$d<1968- >.$0(OLS)http://semarc/name/32571 245 10$aDiscese agli inferi /$cSabino Chialą. 260 $aMagnano :$bQiqajon,$c2000. 300 $a80 p. ;$c17 cm. 490 0 $aSympathetika 650 4$aGesł Cristo - Morte.$0(OLS)http://semarc/subject/10992 650 4$aInferi - Concezione biblica.$0(OLS)http://semarc/subject/41508 830 0$aSympathetika.$0(OLS)http://semarc/title/8360 850 $aSeMil 852 $aSeMil$W1$xVenegono$y1$m3F IV 547$j186566$B186566$CSeMilBibl$Z2$F197622 $81 961 $aLascito: Serenthą don Mario 996 $6020$a88-8227-077-7$9(OLS)http://semarc/number/241224 996 $6245$aDiscese agli inferi$9(OLS)http://semarc/title/336666 996 $6260$aMagnano :$bQiqajon$9(OLS)http://semarc/publisher/32326 LEADER 01152nam a2200277 i 4500 001 000000044546 003 CaOOAMICUS 005 20200506153047.0 008 101007s1994 it u000 u ita u 013 $a15716 020 $a88-16-30273-9 040 $aSeMil$bita 245 10$aVol. 1: Il percorso. 264 1$aMilano :$bJaca Book,$c1994. 300 $a682 p. ;$c22 cm. 650 4$aComunione e liberazione .$0(OLS)http://semarc/subject/5394 650 4$aVita cristiana - Testimonianze.$0(OLS)http://semarc/subject/9521 700 1 $aGiussani, Luigi,$c.$0(OLS)http://semarc/name/1272 773 0 $aGiussani, Luigi $tOpere 1966-1992.$dMilano : Jaca Book, 1994.$kGią e non ancora$g1$w()9295 850 $aSeMil 852 $aSeMil$W1$xVenegono$y1$m2RA III 89$j10701$B10701$CSeMilBibl$Z2$F10701 $81 961 $aAcquisto: Distributore 996 $6020$a88-16-30273-9$9(OLS)http://semarc/number/16438 996 $6245$aVol. 1: Il percorso$9(OLS)http://semarc/title/65912 996 $6264$aMilano :$bJaca Book$9(OLS)http://semarc/publisher/29781